000 00544cam a2200169La 4500
020 _a0585181322 (electronic bk.)
082 0 4 _a336.2/05/091724
_bLES
_cD
245 0 0 _aLessons of tax reform
260 _aWashington, D.C. :
_bWorld Bank,
_cc1991.
300 _av, 85 p. ;
_c23 cm.
526 _a0
_b0
_c0
_d336_205091724000000_LES
650 0 _aTaxation
_zDeveloping countries.
_937113
710 2 _aNetLibrary, Inc.
_935918
710 2 _aWorld Bank.
_94999
856 4 _uhttp://www.columbia.edu/cgi-bin/cul/resolve?clio4249743
942 _2ddc
_cBK
999 _c542030
_d542030